LEADER 01006nam a2200229 i 4500 001 000000056959 003 CaOOAMICUS 005 20210902150502.0 008 970918n it u000 u ita u 013 $a28131 040 $aSeMil$bita 100 1 $aTagliero, Giovanni .$0(OLS)http://semarc/name/28891 245 13$aIl pensiero filosofico di Augusto Conti (1822-1905) /$cGiovanni Tagliero. 264 1$aTorino :$bScuola Grafica Salesiana,$c1956. 500 $aEstratto della dissertazione di laurea (Theses ad lauream ; 37) 600 14$aConti, Augusto <1822-1905>.$0(OLS)http://semarc/subject/14004 650 4$aTesi di laurea.$0(OLS)http://semarc/subject/1690 850 $aSeMil 852 $aSeMil$W1$xVenegono$y1$m2I V 62$j23113$B23113$CSeMilBibl$Z2$F23115 $81 996 $6245$aIl pensiero filosofico di Augusto Conti (1822-1905)$9(OLS)http://semarc/title/88591 996 $6264$aTorino :$bScuola Grafica Salesiana$9(OLS)http://semarc/publisher/52999 LEADER 00951nam a2200253 i 4500 001 000000060303 003 CaOOAMICUS 005 20190704104535.0 008 100310s1956 fr u000 u fre u 013 $a31475 040 $aSeMil$bita 100 1 $aLedré, Charles.$0(OLS)http://semarc/name/30682 245 13$aLa franc-maçonnerie /$cCharles Ledré. 260 $aParis :$bLibrairie Arthème Fayard,$c1956. 300 $a124 p. ;$c20 cm. 490 0 $aJe sais, je crois ;$v148 650 4$aMassoneria.$0(OLS)http://semarc/subject/2383 830 0$aJe sais, je crois ;$v148.$0(OLS)http://semarc/title/524 850 $aSeMil 852 $aSeMil$W1$xVenegono$y1$m2X I 315$j26456$B26456$CSeMilBibl$Z2$F26459 $81 961 $aOmaggio: Oggioni don Costantino 996 $6245$aLa franc-maçonnerie$9(OLS)http://semarc/title/94471 996 $6260$aParis :$bLibrairie Arthème Fayard$9(OLS)http://semarc/publisher/34003